| 000 | 00538nam a2200205Ia 4500 | ||
|---|---|---|---|
| 005 | 20140402112236.0 | ||
| 008 | 140130s9999 xx 000 0 und d | ||
| 020 | _a0439691087 | ||
| 050 |
_aHD 6509.C48 _b.K78 2004 |
||
| 100 |
_aKrull, Kathleen _924190 |
||
| 245 |
_cKathleen Krull. _aHarvesting hope : _bthe story of Cesar Chavez / |
||
| 260 |
_bScholastic, _c2004. _aUSA : |
||
| 300 |
_a44 p. : _bcol. ill. ; _c23 cm. |
||
| 440 | _v1 | ||
| 521 | _aG6 | ||
| 526 | _c800 | ||
| 942 |
_cBK _2lcc |
||
| 999 |
_c41155 _d41155 |
||